| 000 | 00822nam a22002297a 4500 | ||
|---|---|---|---|
| 005 | 20100816112716.0 | ||
| 010 | _aENG-100487 | ||
| 020 |
_a9788177481228 _c125.00 |
||
| 020 |
_a8177481223 _c125.00 |
||
| 035 | _aEN-84020 | ||
| 037 | _bDBAD/PUB | ||
| 082 | _a810 | ||
| 100 |
_aGeethakumary, K.K. _913808 |
||
| 245 |
_aMetre in sanskrit : _bby a study with special reference to Vrttavartika of Ramapanivada / _cby K.K.Geethakumary |
||
| 260 |
_aCalicut _bUniversity of Calicut _c2008 |
||
| 270 | _bCalicut | ||
| 300 |
_a168p. _c20cm (pbk) |
||
| 490 |
_aCalicut university sanskrit series 30 _913809 |
||
| 500 | _aIncludes bibliographical references and index | ||
| 942 |
_2ddc _cEN _h810 _mGEE |
||
| 999 |
_c42082 _d42082 |
||